zpět

Detail výsledku týmu

KEGzistence, Plzeň

Datum a čas kvízu

27.5 Celkem bodů Celkový počet nahraných bodů na tomto kvízu bez doplňovacích otázek.
7. Pořadí na kvízu Konečné umístění týmu na tomto kvízu.

Zaznamenané odpovědi

# Otázka Odpověď Body Výsledky
1. Před budovou jednoho Úřadu měs... Černice 0
2. Polští silničáři mají z ostudy... sekali trávu pod sněhem 1
3. Minulý týden jsme se dozvěděli... s Pavlem Nedvědem 1
4. Nové logo jednoho z pořadů Čes... Sama doma 1
5. Čeští reprezentanti si odvážej... ve florbalu 0
6. Ve které zemi rozdává dětem dá... v Itálii 0
7. Lidé na Islandu se drží tradic... C 0
8. Napište, jak se jmenuje nejvýc... Čukotka 1
9. Které pečené zvíře je tradiční... krocan (krůta) 1
10. V Austrálii si lidé dle tradic... B 0